| 000 | 01452cam a22003977a 4500 | ||
|---|---|---|---|
| 003 | CHAP | ||
| 005 | 20220817043441.0 | ||
| 008 | 980602d1993 mx r 00010 spa d | ||
| 010 | _a75661 | ||
| 011 | _a76633 | ||
| 035 | _a86219 | ||
| 040 | _cCHAP | ||
| 090 | _aFolleto 15094 | ||
| 100 | 0 | 0 |
_aCarrillo Ramírez, Humberto. _919530 |
| 245 | 1 | 0 |
_aAmarillamiento letal del cocotero : _bguía para su identificación en campo _c/por Humberto Carrillo Ramírez |
| 260 |
_aChetumal, Q. R. : _bINIFAP. Campo Experimental Chetumal, _c1993. |
||
| 300 | _aHoja desplegable | ||
| 410 | _aINIFAP. Campo Experimental Chetumal | ||
| 490 | 0 | _aSerie desplegable para productores | |
| 500 | _ac.4 en colección bodega | ||
| 590 |
_aBATCH-UPD _b10 _c20130110 _lUCH01 _h0753 |
||
| 590 |
_aBATCH-UPD _b10 _c20130111 _lUCH01 _h0003 |
||
| 590 |
_aBATCH-UPD _b10 _c20130410 _lUCH01 _h0433 |
||
| 590 |
_aBATCH-UPD _b10 _c20130914 _lUCH01 _h0901 |
||
| 590 |
_aCONVERSION _b10 _c20130109 _lUCH01 _h1341 |
||
| 650 | 1 | 4 |
_aAmarillamiento letal del coco. _95153 |
| 650 | 1 | 4 |
_aCoco _xEnfermedades. _924241 |
| 810 | 0 | 0 | _aINIFAP. Campo Experimental Chetumal |
| 830 | 0 | 0 |
_aSerie desplegable para productores _9104795 |
| 901 | _aBK | ||
| 905 | _aMayto Villalobos S. | ||
| 942 | _cFOLL | ||
| 949 |
_aFolleto 15094 _bBC _cFOLL _d862191 _eTS1 _i86219 _sb |
||
| 949 |
_aFolleto 15094 _bBC _cFOLL _d862192 _eTS2 _fc.2 _i86219 _sb |
||
| 949 |
_aFolleto 15094 _bBC _cFOLL _d862193 _eTS2 _fc.3 _i86219 _sb |
||
| 999 |
_c75661 _d75661 |
||